Państwa gdzie walutą jest euro - Statystyki

Ogólne statystyki
  • Ten quiz został rozwiązany 956 razy
    748 od ostatniego zresetowania
  • Średni wynik to 20 z 26
Statystyki odpowiedzi
Nazwa państwa % Poprawnych
Niemcy
96%
Hiszpania
92%
Francja
90%
Portugalia
90%
Włochy
88%
Belgia
87%
Holandia
87%
Słowacja
86%
Litwa
85%
Austria
84%
Estonia
83%
Łotwa
83%
Chorwacja
82%
Grecja
82%
Luksemburg
80%
Słowenia
78%
Finlandia
75%
Irlandia
74%
Watykan
71%
Malta
68%
San Marino
68%
Andora
65%
Monako
64%
Cypr
59%
Czarnogóra
53%
Kosowo
49%
Nie znaleziono quizów pasujących do podanych kryteriów
Rozkład punktacji
Procent ludzi z każdym wynikiem
Percentyl według liczby udzielonych odpowiedzi
Twoja historia wyników
Nie rozwiązałeś tego quizu od ostatniego zresetowania